| 000 | 00714nam a22002177a 4500 | ||
|---|---|---|---|
| 003 | LK-CoMWRAF | ||
| 005 | 20231102140625.0 | ||
| 008 | 231006b2007 |||||||| |||| 00| 0 eng d | ||
| 020 | _a9789555801119 | ||
| 040 |
_aLK-CoMWRAF _dLK-CoMWRAF _eLK-CoMWRAF |
||
| 041 | _aeng | ||
| 082 |
_a 338.954 _bBAS |
||
| 100 | _aBastian, Sunil. | ||
| 245 |
_aThe politics of foreign aid in Sri Lanka: _bpromoting markets and supporting peace |
||
| 260 |
_aColombo: _bInternational Centre for Ethnic Studies, _c2007 |
||
| 300 |
_avii, 209 p. : ill. ; 23 cm. _bBibliography included |
||
| 490 | _a ICES Sri Lanka Program | ||
| 650 | _aECONOMIC ASSISTANCE-Sri Lanka | ||
| 650 | _aEconomic conditions-Sri Lanka | ||
| 942 | _cBK | ||
| 999 |
_c3789 _d3789 |
||